000 00494cam a2200193ua 4500
001 1212
008 110617n ii |||gr||||Z||||||asm
040 _cMAIN
082 _a333.7
245 1 0 _aPariparshik arthaniti
_cby Khirod Saikia
250 _a1st ed.
260 _aDibrugarh University campus:
_b[s.n]
_c2003.
300 _a65p.:
_c5cm.
653 _aEconomics
653 _aPoribesh arthabigyan
653 _aEnvironmental economics
700 1 _aSaikia, Khirod,
_eAuthor.
942 _cBK
999 _c1119
_d1119